El Discurso cifrado: procedimientos discursivos en la entrevista Sherer-Marcos /

Guardat en:
Dades bibliogràfiques
Autor principal: Picos Bovio, Rolando
Format: Text
Matèries:
Etiquetes: Afegir etiqueta
Sense etiquetes, Sigues el primer a etiquetar aquest registre!

MARC

LEADER 00000 a a2200000 04500
001 18755
003
040
100 |a Picos Bovio, Rolando  
245 |a El Discurso cifrado:   |b procedimientos discursivos en la entrevista Sherer-Marcos /  |c Rolando Picos Bovio 
650 |a DISCURSOS  
650 |a ANALISIS DE CONTENIDO  
650 |a PODER POLITICO  
650 |a CONDICIONES ECONOMICAS  
650 |a ENTREVISTAS  
773 |g volumen 5, número 12; páginas 8-20  
999 |c 36304  |d 36304